Loading...
| Fine Arts - Auditory Fine Arts | 0 | 9 | 0 | 1 | 90 | 70 | 109.22 | 7 | 9 |
| Literature - American Literature | 0 | 9 | 1 | 2 | 85 | 91 | 114.56 | 7 | 9 |
| Literature - World Literature | 1 | 7 | 0 | 2 | 85 | 35 | 104.75 | 3 | 8 |
| Philosophy | 0 | 7 | 0 | 2 | 70 | 85 | 118.00 | 4 | 7 |
| Science - Chemistry | 0 | 7 | 0 | 2 | 70 | 78 | 106.43 | 6 | 7 |
| Fine Arts - Other Fine Arts | 2 | 5 | 2 | 1 | 70 | 63 | 93.43 | 6 | 7 |
| Fine Arts - Visual Fine Arts | 1 | 6 | 2 | 0 | 65 | 65 | 106.29 | 7 | 7 |
| History - Other History | 1 | 5 | 0 | 0 | 65 | 64 | 85.00 | 5 | 6 |
| Literature - British Literature | 2 | 4 | 2 | 1 | 60 | 38 | 102.00 | 5 | 6 |
| History - World History | 0 | 6 | 1 | 1 | 55 | 67 | 84.00 | 5 | 6 |
| Science - Other Science | 0 | 6 | 1 | 4 | 55 | 101 | 126.67 | 2 | 6 |
| Science - Biology | 0 | 5 | 0 | 1 | 50 | 78 | 106.80 | 1 | 5 |
| History - European History | 0 | 5 | 0 | 0 | 50 | 86 | 98.00 | 1 | 5 |
| Literature - European Literature | 0 | 5 | 1 | 0 | 45 | 99 | 113.00 | 4 | 5 |
| Religion | 0 | 5 | 2 | 2 | 40 | 88 | 117.60 | 3 | 5 |
| Science - Physics | 0 | 4 | 1 | 1 | 35 | 83 | 108.75 | 2 | 4 |
| History - American History | 1 | 3 | 2 | 0 | 35 | 54 | 85.00 | 3 | 4 |
| Social Science | 1 | 2 | 0 | 0 | 35 | 54 | 98.33 | 2 | 3 |
| Mythology | 1 | 3 | 3 | 1 | 30 | 49 | 103.00 | 3 | 4 |
| Other Academic | 0 | 2 | 0 | 1 | 20 | 77 | 101.50 | 1 | 2 |
| Social Science- Edited | 0 | 1 | 0 | 1 | 10 | 116 | 116.00 | 0 | 1 |
| Mythology- Edited | 0 | 1 | 0 | 0 | 10 | 137 | 137.00 | 1 | 1 |
| Pop Culture | 0 | 1 | 1 | 0 | 5 | 109 | 109.00 | 1 | 1 |
| Geography | 0 | 1 | 1 | 0 | 5 | 98 | 98.00 | 0 | 1 |
| Current Events | 0 | 0 | 1 | 0 | -5 | 0.00 | 0 | 0 |